[Event "CAN-op"]
[Site "Edmonton CAN"]
[Date "2000.07.09"]
[Round "2"]
[White "Blakely, Grant"]
[Black "Panjwani, Dilip"]
[Result "0-1"]
[WhiteElo "1147"]
[BlackElo "1599"]
[PlyCount "68"]
[GameId "2160767911677973"]
[EventDate "2000.07.08"]
[EventType "swiss"]
[EventRounds "10"]
[EventCountry "CAN"]

1. e4 c5 2. d4 cxd4 3. Qxd4 Nc6 4. Qd2 Nf6 5. Nc3 g6 6. Nf3 Bg7 7. Bd3 O-O 8. O-O Qc7 9. Qe3 a6 10. Bd2 e6 11. Ng5 d5 12. Qh3 h5 13. Na4 dxe4 14. Qg3 Qxg3 15. fxg3 exd3 16. cxd3 Ng4 17. Bc3 Bxc3 18. Nxc3 Nge5 19. Rad1 Nd4 20. Rd2 b5 21. Rdf2 f5 22. Rf4 Rd8 23. Nf3 Ndxf3+ 24. gxf3 Rxd3 25. h3 g5 26. Rb4 Nxf3+ 27. Kf2 Bb7 28. a4 Rad8 29. axb5 Rd2+ 30. Ne2 axb5 31. Ra1 Nd4 32. Ra7 Rxe2+ 33. Kf1 Bg2+ 34. Kg1 Nf3# 0-1

[Event "CAN-op"]
[Site "Edmonton CAN"]
[Date "2000.07.09"]
[Round "2"]
[White "Boehmer, Kris"]
[Black "Lynn, Jim"]
[Result "1-0"]
[WhiteElo "2140"]
[BlackElo "1904"]
[PlyCount "42"]
[GameId "2160767911677974"]
[EventDate "2000.07.08"]
[EventType "swiss"]
[EventRounds "10"]
[EventCountry "CAN"]

1. d4 Nf6 2. Nf3 g6 3. g3 Bg7 4. Bg2 d5 5. c4 O-O 6. O-O dxc4 7. Na3 Be6 8. Ng5 Bd5 9. e4 Bc6 10. d5 Bd7 11. e5 Ne8 12. e6 Bxe6 13. dxe6 Qxd1 14. exf7+ Rxf7 15. Rxd1 Nd6 16. Nxf7 Kxf7 17. Rxd6 exd6 18. Bxb7 c3 19. Rb1 Na6 20. Bxa8 Nb4 21. bxc3 Bxc3 1-0

[Event "CAN-op"]
[Site "Edmonton CAN"]
[Date "2000.07.09"]
[Round "2"]
[White "Bojovic, Gavrilo"]
[Black "Day, Jonathan"]
[Result "1-0"]
[WhiteElo "2093"]
[BlackElo "1836"]
[PlyCount "87"]
[GameId "2160767911677975"]
[EventDate "2000.07.08"]
[EventType "swiss"]
[EventRounds "10"]
[EventCountry "CAN"]

1. e4 c5 2. d4 cxd4 3. c3 Nf6 4. e5 Nd5 5. cxd4 g6 6. Bc4 Nb6 7. Bb3 Bg7 8. Bg5 Nc6 9. f4 Na5 10. Bc2 Nac4 11. Qc1 d6 12. Nf3 Bg4 13. O-O Rc8 14. Nc3 a6 15. Be4 d5 16. Bd3 Qd7 17. h3 Be6 18. Nd2 O-O 19. Nb3 Qc7 20. Nc5 Bf5 21. Bxf5 gxf5 22. a4 e6 23. a5 Nd7 24. Nxd7 Qxd7 25. b3 Nd6 26. Qe1 Ne4 27. Nxe4 dxe4 28. Rd1 Qb5 29. Be7 Rfe8 30. Bc5 Qxb3 31. Rb1 Qd5 32. Qb4 Rc7 33. Rb3 Kh8 34. Rg3 Rcc8 35. Rb1 Rc7 36. Rbb3 Bh6 37. Bd6 Rc4 38. Be7 Rxb4 39. Bf6+ Bg7 40. Rxg7 Qxd4+ 41. Kh2 Qd8 42. Rbg3 Qxf6 43. exf6 e3 44. R3g5 1-0

[Event "CAN-op"]
[Site "Edmonton CAN"]
[Date "2000.07.09"]
[Round "2"]
[White "Bowerman, Robert"]
[Black "Goude, Brian"]
[Result "1-0"]
[WhiteElo "2116"]
[BlackElo "1868"]
[PlyCount "50"]
[GameId "2160767911677976"]
[EventDate "2000.07.08"]
[EventType "swiss"]
[EventRounds "10"]
[EventCountry "CAN"]

1. d4 d6 2. c4 Nf6 3. Nc3 g6 4. e4 Bg7 5. Nge2 c6 6. Ng3 Nbd7 7. Be2 e5 8. d5 c5 9. h4 h5 10. Bg5 a6 11. Qd2 Qa5 12. O-O Ng4 13. Bxg4 hxg4 14. h5 gxh5 15. Nf5 Bf8 16. f4 f6 17. Bh4 b5 18. cxb5 axb5 19. fxe5 dxe5 20. a4 c4 21. d6 Bb7 22. axb5 Qxa1 23. Rxa1 Rxa1+ 24. Kh2 Nc5 25. Bxf6 Nxe4 1-0

[Event "CAN-op"]
[Site "Edmonton CAN"]
[Date "2000.07.09"]
[Round "2"]
[White "Buitendyk, Theo"]
[Black "MacFarlane, Donald"]
[Result "0-1"]
[WhiteElo "1731"]
[BlackElo "1484"]
[PlyCount "80"]
[GameId "2160767911677977"]
[EventDate "2000.07.08"]
[EventType "swiss"]
[EventRounds "10"]
[EventCountry "CAN"]

1. e4 e5 2. Nf3 Nf6 3. Nxe5 d6 4. Nf3 Nxe4 5. Nc3 d5 6. Be2 Bc5 7. O-O Bf5 8. d4 Bb6 9. Re1 O-O 10. h3 c5 11. dxc5 Bxc5 12. Nd4 Nxf2 13. Kxf2 Qh4+ 14. Kg1 Bxd4+ 15. Kh2 Be5+ 16. Kg1 Qg3 17. Bg4 Bxc2 18. Qe2 Re8 19. Qf2 Qh2+ 20. Kf1 Bd3+ 21. Be2 Bg3 22. Qg1 Qxg1+ 23. Kxg1 Bxe1 24. Bxd3 Bxc3 25. bxc3 Nc6 26. Bf4 d4 27. cxd4 Nxd4 28. Kf2 Re6 29. Rb1 Rb6 30. Rxb6 axb6 31. Bc4 Nc6 32. Bd2 Re8 33. Be3 Ne5 34. Bd5 Nd3+ 35. Kf3 Nc5 36. Bxc5 bxc5 37. Bxb7 Re7 38. Be4 c4 39. a4 Kf8 40. Ke3 f5 0-1

[Event "CAN-op"]
[Site "Edmonton CAN"]
[Date "2000.07.09"]
[Round "2"]
[White "Campbell, Jamie"]
[Black "Steinke, Wally"]
[Result "0-1"]
[WhiteElo "1436"]
[BlackElo "1731"]
[PlyCount "98"]
[GameId "2160767911677978"]
[EventDate "2000.07.08"]
[EventType "swiss"]
[EventRounds "10"]
[EventCountry "CAN"]

1. e4 c5 2. Nf3 a6 3. d3 Nc6 4. g3 g6 5. Bg2 Bg7 6. O-O d6 7. c3 Nf6 8. Re1 Qc7 9. d4 cxd4 10. cxd4 O-O 11. Nc3 e6 12. Be3 Ng4 13. Qd2 Nxe3 14. Qxe3 Qb6 15. e5 dxe5 16. dxe5 Qxb2 17. Na4 Qb4 18. Nb6 Nxe5 19. Nxe5 Rb8 20. Rab1 Qa5 21. Ned7 Bxd7 22. Nxd7 Bc3 23. Nxf8 Bxe1 24. Qxe1 Qxe1+ 25. Rxe1 Kxf8 26. Rb1 b5 27. Bf1 Rb6 28. Rb4 Ke7 29. Rh4 h5 30. g4 hxg4 31. Rxg4 Kf6 32. Bxb5 Rxb5 33. Rc4 g5 34. h4 gxh4 35. Rxh4 Ra5 36. a4 Kg5 37. Rb4 e5 38. f3 f5 39. Kg2 Rc5 40. Kf2 f4 41. Re4 Rc2+ 42. Kf1 Kf5 43. Ke1 Ra2 44. Kf1 Ke6 45. Rb4 Kd5 46. Re4 Rd2 47. Rb4 Rd4 48. Rxd4+ exd4 49. Ke2 Kc4 0-1

[Event "CAN-op"]
[Site "Edmonton CAN"]
[Date "2000.07.09"]
[Round "2"]
[White "Campbell, John"]
[Black "Soerensen, Lyndon"]
[Result "0-1"]
[WhiteElo "1455"]
[BlackElo "1742"]
[PlyCount "96"]
[GameId "2160767911677979"]
[EventDate "2000.07.08"]
[EventType "swiss"]
[EventRounds "10"]
[EventCountry "CAN"]

1. e4 a6 2. Nf3 b5 3. d4 e6 4. Bd3 Bb7 5. O-O c5 6. c3 Qc7 7. Be3 Nf6 8. Nbd2 c4 9. Bc2 Nc6 10. Bg5 Be7 11. Re1 h6 12. Be3 g5 13. e5 Nh5 14. Nf1 Ng7 15. Ng3 d6 16. Qe2 dxe5 17. dxe5 Nxe5 18. Nxe5 Qxe5 19. Rad1 Rd8 20. Rxd8+ Bxd8 21. Qd2 Qd5 22. Qxd5 Bxd5 23. Bd4 f6 24. Be4 Bxe4 25. Nxe4 e5 26. Bc5 Ne6 27. Ba3 Be7 28. Bd6 Nf4 29. f3 Nd3 30. Re2 Kd7 31. Bxe7 Kxe7 32. Nf2 Rd8 33. Rd2 Nxf2 34. Rxd8 Nh3+ 35. gxh3 Kxd8 36. Kf2 Kd7 37. Kg3 f5 38. h4 Ke6 39. hxg5 hxg5 40. h4 gxh4+ 41. Kxh4 e4 42. Kg3 e3 43. Kg2 Kd5 44. Kf1 f4 45. Kg1 Ke5 46. Kf1 a5 47. Ke2 b4 48. cxb4 axb4 0-1

[Event "CAN-op"]
[Site "Edmonton CAN"]
[Date "2000.07.09"]
[Round "2"]
[White "Carayanniotis, Jason"]
[Black "Planas, Rodolfo"]
[Result "0-1"]
[WhiteElo "977"]
[BlackElo "1641"]
[PlyCount "104"]
[GameId "2160767911677980"]
[EventDate "2000.07.08"]
[EventType "swiss"]
[EventRounds "10"]
[EventCountry "CAN"]

1. d4 g6 2. Nc3 c6 3. e4 d5 4. e5 h5 5. Nf3 Bg4 6. h3 Bxf3 7. Qxf3 e6 8. h4 Be7 9. g3 Nh6 10. Bxh6 Rxh6 11. O-O-O Nd7 12. Kb1 a6 13. Bd3 c5 14. dxc5 Nxe5 15. Qf4 Ng4 16. f3 g5 17. Qd2 Ne5 18. hxg5 Nxf3 19. Qe2 Nxg5 20. Rxh5 Rxh5 21. Qxh5 Bxc5 22. Bc4 Qf6 23. Bxd5 O-O-O 24. Bg2 Qg7 25. Rxd8+ Kxd8 26. Bxb7 a5 27. Nb5 Qe5 28. a3 Qxg3 29. Qh8+ Ke7 30. Qc8 Qe5 31. Qc7+ Qxc7 32. Nxc7 f5 33. b4 axb4 34. a4 e5 35. a5 e4 36. Kc1 Ne6 37. Nxe6 Kxe6 38. Kd2 Ke5 39. c3 f4 40. cxb4 Bxb4+ 41. Ke2 Bxa5 42. Ba6 Kd4 43. Kf2 f3 44. Bb5 Bd8 45. Ba6 Bh4+ 46. Kf1 Ke3 47. Bc8 Kf4 48. Ba6 Kg3 49. Bb5 Kf4 50. Bc6 Ke5 51. Bd7 Kd4 52. Bc6 Ke3 0-1

[Event "CAN-op"]
[Site "Edmonton CAN"]
[Date "2000.07.09"]
[Round "2"]
[White "Chi, Jonathan"]
[Black "Ludwig, David"]
[Result "1/2-1/2"]
[WhiteElo "1392"]
[BlackElo "1801"]
[PlyCount "130"]
[GameId "2160767911677981"]
[EventDate "2000.07.08"]
[EventType "swiss"]
[EventRounds "10"]
[EventCountry "CAN"]

1. d4 f5 2. c4 e6 3. Nc3 d5 4. Nf3 Nf6 5. Bf4 c6 6. e3 Bd6 7. Bxd6 Qxd6 8. Ne5 O-O 9. Be2 b6 10. O-O Nbd7 11. Nxd7 Nxd7 12. Rc1 Bb7 13. b3 Nf6 14. f3 e5 15. Qd2 Kh8 16. Rfd1 Rad8 17. cxd5 Nxd5 18. Nxd5 Qxd5 19. Bc4 Qd6 20. Kf2 Qh6 21. Kg1 f4 22. exf4 exd4 23. g3 c5 24. Kg2 Qc6 25. Qd3 Qf6 26. Re1 Rde8 27. Re2 Re7 28. Bb5 Rc8 29. Rce1 Rcc7 30. Qc4 Qf8 31. b4 a6 32. Bxa6 Bxa6 33. Qxa6 Rxe2+ 34. Rxe2 c4 35. Qxb6 Rc8 36. Qxd4 Qxb4 37. a3 Qxa3 38. Qxc4 Qf8 39. Qe6 Rc7 40. Qd6 Rf7 41. Qxf8+ Rxf8 42. Kh3 h6 43. Kg4 Rb8 44. Kh4 Rb3 45. Kg4 Kh7 46. h4 Rb6 47. f5 Rb5 48. Re4 Rb3 49. Rf4 Rb6 50. h5 Rc6 51. Kh4 Rf6 52. g4 Rb6 53. g5 hxg5+ 54. Kxg5 Rb5 55. Re4 Rb3 56. Kg4 Rb1 57. Kg5 Rb3 58. Rf4 Rb5 59. h6 gxh6+ 60. Kh5 Rc5 61. Kg4 Kg7 62. f6+ Kf7 63. Rf5 Rc6 64. Kh5 Rxf6 65. Rxf6+ Kxf6 1/2-1/2

[Event "CAN-op"]
[Site "Edmonton CAN"]
[Date "2000.07.09"]
[Round "2"]
[White "Chiba, James"]
[Black "Phimester, Alex"]
[Result "1/2-1/2"]
[WhiteElo "1750"]
[BlackElo "1479"]
[PlyCount "73"]
[GameId "2160767911677982"]
[EventDate "2000.07.08"]
[EventType "swiss"]
[EventRounds "10"]
[EventCountry "CAN"]

1. e4 e5 2. Nc3 Nf6 3. Bc4 Bb4 4. d3 Bxc3+ 5. bxc3 O-O 6. f4 Nc6 7. Nf3 d6 8. f5 b6 9. Bg5 Na5 10. Nd2 Bb7 11. Qf3 c6 12. d4 Re8 13. Bb3 Nxb3 14. axb3 exd4 15. cxd4 c5 16. d5 Bxd5 17. Bxf6 Qxf6 18. O-O Qd4+ 19. Kh1 Bxe4 20. Nxe4 Qxe4 21. Qg3 Qxc2 22. f6 Qg6 23. Qxd6 Re2 24. Qd5 Rae8 25. Rxa7 Re1 26. Qc4 Rxf1+ 27. Qxf1 gxf6 28. h3 Qg3 29. Ra1 Qxb3 30. Qxf6 Qe6 31. Qg5+ Qg6 32. Qf4 Re2 33. Qf3 Rb2 34. Ra8+ Kg7 35. Qc3+ Qf6 36. Qg3+ Qg6 37. Qc3+ 1/2-1/2

[Event "CAN-op"]
[Site "Edmonton CAN"]
[Date "2000.07.09"]
[Round "2"]
[White "Chow, Vincent"]
[Black "Benjamin, Joel"]
[Result "0-1"]
[WhiteElo "2042"]
[BlackElo "2552"]
[PlyCount "69"]
[GameId "2160767911677983"]
[EventDate "2000.07.08"]
[EventType "swiss"]
[EventRounds "10"]
[EventCountry "CAN"]

1. d4 e6 2. c4 Nf6 3. e3 Nc6 4. Nf3 Bb4+ 5. Bd2 a5 6. Nc3 d6 7. a3 Bxc3 8. Bxc3 Qe7 9. Be2 e5 10. dxe5 dxe5 11. O-O a4 12. b4 axb3 13. Qxb3 Ne4 14. Bb4 Nc5 15. Qc2 O-O 16. Nd2 Nxb4 17. axb4 Rxa1 18. Rxa1 Na6 19. b5 Nc5 20. Nb3 Bf5 21. Qxf5 Nxb3 22. Rd1 Nc5 23. Rd5 Re8 24. Qc2 g6 25. Qd1 Ra8 26. h4 Ne4 27. Bf3 Nc3 28. Rd7 Qxh4 29. Qe1 Qxc4 30. Bxb7 Ne2+ 31. Qxe2 Qxe2 32. Bxa8 Qxb5 33. Rd8+ Kg7 34. Bf3 c5 35. Rd5 0-1

[Event "CAN-op"]
[Site "Edmonton CAN"]
[Date "2000.07.09"]
[Round "2"]
[White "Chranowski, Rick"]
[Black "Neufahrt, Gerhard"]
[Result "0-1"]
[WhiteElo "1882"]
[BlackElo "2131"]
[PlyCount "58"]
[GameId "2160767911677984"]
[EventDate "2000.07.08"]
[EventType "swiss"]
[EventRounds "10"]
[EventCountry "CAN"]

1. e4 g6 2. f4 c6 3. Nf3 d5 4. e5 h5 5. d4 Bg4 6. Bd3 Nh6 7. c3 e6 8. Be3 Nd7 9. Nbd2 Bf5 10. Nf1 b5 11. Bf2 Be7 12. Ne3 Ng4 13. Nxf5 gxf5 14. h4 Nb6 15. Qc2 Nc4 16. Bxc4 dxc4 17. b3 Qd5 18. bxc4 Qxc4 19. Rh3 Rd8 20. Ng5 c5 21. dxc5 Bxc5 22. Bxc5 Qxc5 23. Qe2 O-O 24. Rb1 Rd5 25. Rf3 Rfd8 26. Nh3 Nxe5 27. Re3 Ng4 28. Rf3 e5 29. g3 e4 0-1

[Event "CAN-op"]
[Site "Edmonton CAN"]
[Date "2000.07.09"]
[Round "2"]
[White "Daku, Zoltan"]
[Black "Rock, Dawn"]
[Result "1-0"]
[WhiteElo "1717"]
[BlackElo "1302"]
[PlyCount "103"]
[GameId "2160767911677985"]
[EventDate "2000.07.08"]
[EventType "swiss"]
[EventRounds "10"]
[EventCountry "CAN"]

1. d4 d5 2. Nf3 Nf6 3. e3 Bf5 4. c4 e6 5. Nc3 c6 6. Be2 Be7 7. O-O O-O 8. cxd5 exd5 9. Ne5 Re8 10. Bd3 Bxd3 11. Qxd3 Bd6 12. f4 Nbd7 13. Bd2 c5 14. Rae1 a6 15. Nd1 Ne4 16. Nf2 Ndf6 17. Rc1 b5 18. a3 c4 19. Qe2 Rc8 20. Qe1 Qb6 21. Nxe4 Nxe4 22. Bb4 Bxb4 23. axb4 Ra8 24. Ra1 Rec8 25. Nd7 Qe6 26. Nc5 Nxc5 27. bxc5 Qe4 28. Qd2 Rc6 29. f5 Re8 30. Rae1 Rf6 31. Rf4 Qe7 32. g4 g5 33. Rf3 Qe4 34. Qg2 a5 35. Rf2 a4 36. Qxe4 Rxe4 37. h3 b4 38. Rd2 Ra6 39. Kf2 a3 40. bxa3 Rxa3 41. Rb2 b3 42. Reb1 Re7 43. Ke2 Rb7 44. Kd2 Rba7 45. Kc3 Kf8 46. e4 dxe4 47. Kxc4 R7a4+ 48. Kd5 e3 49. Rxb3 Rxb3 50. Rxb3 e2 51. Re3 Ra2 52. c6 1-0

[Event "CAN-op"]
[Site "Edmonton CAN"]
[Date "2000.07.09"]
[Round "2"]
[White "Das, Samir"]
[Black "Ramaswamy, Kiran"]
[Result "0-1"]
[WhiteElo "1396"]
[BlackElo "1749"]
[PlyCount "116"]
[GameId "2160767911677986"]
[EventDate "2000.07.08"]
[EventType "swiss"]
[EventRounds "10"]
[EventCountry "CAN"]

1. e4 c5 2. Bc4 e6 3. Nf3 a6 4. a3 d5 5. exd5 exd5 6. Qe2+ Ne7 7. Ba2 g6 8. d3 Bg7 9. O-O O-O 10. Nc3 Nbc6 11. Bg5 Be6 12. Rfe1 Qd7 13. Bxe7 Nxe7 14. Ne5 Qc7 15. Nxf7 Rxf7 16. Qxe6 Raf8 17. Nxd5 Nxd5 18. Bxd5 Bd4 19. Qe2 Kg7 20. Bxf7 Qxf7 21. Rf1 Bxb2 22. Rae1 Bxa3 23. Qe7 Bb4 24. Re4 a5 25. Rb1 Qxe7 26. Rxe7+ Rf7 27. Rxf7+ Kxf7 28. f4 Ke6 29. Kf2 Kd5 30. Ke3 a4 31. c4+ Kc6 32. d4 Bc3 33. dxc5 a3 34. Kd3 a2 35. Rd1 a1=Q 36. Rxa1 Bxa1 37. g4 Kxc5 38. h4 Bf6 39. h5 gxh5 40. gxh5 h6 41. f5 Bg5 42. Kc3 Kd6 43. Kb4 b6 44. Kb5 Be3 45. f6 Ke6 46. Kb4 Kxf6 47. Kc3 Kg5 48. Kd3 Bc5 49. Ke4 Kxh5 50. Kf5 Kh4 51. Kf4 Kh3 52. Kf3 h5 53. Kf4 h4 54. Kf3 Kh2 55. Ke2 Kg1 56. Kf3 h3 57. Ke4 h2 58. Kd5 h1=Q+ 0-1

[Event "CAN-op"]
[Site "Edmonton CAN"]
[Date "2000.07.09"]
[Round "2"]
[White "Davies, Lucas"]
[Black "Tsui, Edwin"]
[Result "1/2-1/2"]
[WhiteElo "1810"]
[BlackElo "1548"]
[PlyCount "48"]
[GameId "2160767911677987"]
[EventDate "2000.07.08"]
[EventType "swiss"]
[EventRounds "10"]
[EventCountry "CAN"]

1. e4 d6 2. d4 Nf6 3. Nc3 g6 4. g3 Bg7 5. Bg2 O-O 6. Nge2 Nbd7 7. O-O c5 8. Be3 Ng4 9. Bf4 cxd4 10. Nd5 Nc5 11. f3 e6 12. Nb4 Nf6 13. Qxd4 e5 14. Bxe5 dxe5 15. Qxc5 Re8 16. Rad1 Bf8 17. Qe3 Qc7 18. Nd3 Qxc2 19. Rfe1 Qa4 20. Nc3 Qa6 21. Rd2 Be6 22. b3 Rac8 23. Bf1 Qa5 24. Na4 Nd7 1/2-1/2

[Event "CAN-op"]
[Site "Edmonton CAN"]
[Date "2000.07.09"]
[Round "2"]
[White "Davies, Noam"]
[Black "Martinson, Rick"]
[Result "0-1"]
[WhiteElo "1485"]
[BlackElo "1750"]
[PlyCount "94"]
[GameId "2160767911677988"]
[EventDate "2000.07.08"]
[EventType "swiss"]
[EventRounds "10"]
[EventCountry "CAN"]

1. e4 c5 2. Nc3 d6 3. g3 g6 4. Bg2 Bg7 5. f4 Nc6 6. h3 Nf6 7. Nf3 O-O 8. d3 Ne8 9. O-O Rb8 10. Bd2 a6 11. Rb1 e6 12. Qe2 Qc7 13. Nd1 b5 14. Ne3 Bd7 15. Nh4 Nd4 16. Qd1 b4 17. g4 f5 18. exf5 exf5 19. Bd5+ Kh8 20. Qe1 Be6 21. Bxe6 Nxe6 22. gxf5 gxf5 23. Nexf5 Qd7 24. Qe2 Nd4 25. Nxd4 Bxd4+ 26. Kh2 Rg8 27. Be3 Bf6 28. Qh5 Bxh4 29. Qxh4 Ng7 30. Rg1 Rbe8 31. Bf2 Qf7 32. Rbe1 Rxe1 33. Rxe1 Nf5 34. Qg4 Rxg4 35. hxg4 Nd4 36. Bxd4+ cxd4 37. f5 h5 38. Re6 hxg4 39. Rh6+ Kg7 40. Rg6+ Kf8 41. Rxg4 Qxf5 42. Kg3 Qe5+ 43. Rf4+ Kg7 44. Kg4 Kg6 45. Kf3 d5 46. Rg4+ Kf5 47. Rf4+ Qxf4+ 0-1

[Event "CAN-op"]
[Site "Edmonton CAN"]
[Date "2000.07.09"]
[Round "2"]
[White "Dean, Tim"]
[Black "Kuczaj, Chris"]
[Result "0-1"]
[WhiteElo "1853"]
[BlackElo "2072"]
[PlyCount "62"]
[GameId "2160767911677989"]
[EventDate "2000.07.08"]
[EventType "swiss"]
[EventRounds "10"]
[EventCountry "CAN"]

1. e4 c5 2. Nf3 e6 3. d4 cxd4 4. Nxd4 Nc6 5. Nc3 a6 6. a4 Qc7 7. Be2 Nf6 8. O-O Bb4 9. Nxc6 bxc6 10. Qd4 Bd6 11. h3 O-O 12. Bg5 Be5 13. Qd3 Qb6 14. Rab1 d5 15. Kh1 Qc7 16. Bf3 h6 17. Be3 a5 18. Rfd1 Ba6 19. Qd2 Rfd8 20. exd5 exd5 21. Bd4 Bf4 22. Be3 Bd6 23. Ne2 Ne4 24. Bxe4 dxe4 25. Nd4 Be5 26. Qe1 Rab8 27. b4 g6 28. Ne2 Bg7 29. Bd4 Bxe2 30. Bxg7 Bxd1 31. Rxd1 Rxd1 0-1

[Event "CAN-op"]
[Site "Edmonton CAN"]
[Date "2000.07.09"]
[Round "2"]
[White "Deimert, David"]
[Black "Palcic, Branko"]
[Result "0-1"]
[WhiteElo "1099"]
[BlackElo "1676"]
[PlyCount "122"]
[GameId "2160767911677990"]
[EventDate "2000.07.08"]
[EventType "swiss"]
[EventRounds "10"]
[EventCountry "CAN"]

1. d4 e6 2. e4 d5 3. exd5 exd5 4. Bb5+ c6 5. Be2 Nf6 6. Nc3 Be7 7. Nf3 O-O 8. O-O b5 9. a3 a5 10. Bd2 Bb7 11. Bd3 Nbd7 12. Re1 Re8 13. h3 Nf8 14. Re3 Qc7 15. Qe2 Bd6 16. Ne5 N6d7 17. Re1 Bxe5 18. dxe5 d4 19. Re4 dxc3 20. Bxc3 Nc5 21. Re3 Nxd3 22. Qxd3 Rad8 23. Qe2 Ng6 24. b4 Nf4 25. Qg4 Nd5 26. Rg3 f6 27. exf6 Rxe1+ 28. Bxe1 Nxf6 29. Qe6+ Qf7 30. Qxf7+ Kxf7 31. Rd3 Rxd3 32. cxd3 a4 33. Kf1 Bc8 34. Bc3 Nd5 35. Bb2 Bf5 36. d4 Bd3+ 37. Ke1 Nf4 38. Kd2 Bc4 39. Ke3 Nxg2+ 40. Ke4 Ke6 41. Bc3 g6 42. f4 Bd5+ 43. Kd3 Nxf4+ 44. Kd2 Nxh3 45. Ke2 Kf5 46. Kf1 Ke4 47. Ke2 Nf4+ 48. Kf2 Ne6 49. Ke2 Nxd4+ 50. Kd2 h5 51. Kc1 h4 52. Be1 h3 53. Bg3 Ne2+ 54. Kc2 Nxg3 55. Kd2 h2 56. Kc3 h1=Q 57. Kd2 Qh2+ 58. Kc3 Ne2+ 59. Kb2 Nd4+ 60. Kb1 Qc2+ 61. Ka1 Nb3# 0-1

[Event "CAN-op"]
[Site "Edmonton CAN"]
[Date "2000.07.09"]
[Round "2"]
[White "Deimert, Elroy"]
[Black "Robertson, Trevor"]
[Result "0-1"]
[WhiteElo "1713"]
[BlackElo "1266"]
[PlyCount "116"]
[GameId "2160767911677991"]
[EventDate "2000.07.08"]
[EventType "swiss"]
[EventRounds "10"]
[EventCountry "CAN"]

1. e4 e6 2. d4 d5 3. e5 c5 4. c3 Nc6 5. Nf3 Qb6 6. b3 Nge7 7. Bd3 Nf5 8. Bxf5 exf5 9. O-O Be6 10. Qd3 h6 11. Rd1 O-O-O 12. Nh4 g6 13. Be3 Be7 14. Nf3 g5 15. c4 dxc4 16. bxc4 cxd4 17. Bc1 g4 18. Ne1 Nxe5 19. Qb3 Qc5 20. Ba3 Qc7 21. Bxe7 Qxe7 22. Na3 a6 23. Nd3 Nc6 24. Rab1 Rd7 25. Nf4 h5 26. Rbc1 Qd6 27. g3 h4 28. Re1 Ne5 29. Red1 hxg3 30. hxg3 Nf3+ 31. Kf1 Qe5 32. Qd3 Rh1+ 33. Kg2 Rh2+ 34. Kf1 f6 35. Qe2 Rh1+ 36. Kg2 Qxe2 37. Nxe2 Rh2+ 38. Kf1 Rdh7 39. Nf4 Bd7 40. Ke2 Bc6 41. Nd5 Kb8 42. Nc2 b5 43. Nxd4 Nxd4+ 44. Rxd4 bxc4 45. Ke3 Bxd5 46. Rxd5 Re7+ 47. Kd4 Rxf2 48. Rb1+ Ka7 49. Kc5 Re5 50. Rxe5 fxe5 51. Kc6 c3 52. Rb7+ Ka8 53. Re7 Rb2 54. Re8+ Rb8 55. Rxe5 c2 56. Re1 Rc8+ 57. Kb6 c1=Q 58. Rxc1 Rxc1 0-1

[Event "CAN-op"]
[Site "Edmonton CAN"]
[Date "2000.07.09"]
[Round "2"]
[White "Faust, Steven"]
[Black "Daniluk, Jim"]
[Result "1-0"]
[WhiteElo "1874"]
[BlackElo "2123"]
[PlyCount "77"]
[GameId "2160767911677992"]
[EventDate "2000.07.08"]
[EventType "swiss"]
[EventRounds "10"]
[EventCountry "CAN"]

1. e4 c5 2. Nf3 Nc6 3. d4 cxd4 4. Nxd4 Nf6 5. Nc3 e5 6. Ndb5 d6 7. Bg5 a6 8. Na3 b5 9. Bxf6 gxf6 10. Nd5 f5 11. Bd3 Be6 12. Qh5 Bg7 13. c3 O-O 14. Nc2 fxe4 15. Bxe4 f5 16. Nf6+ Bxf6 17. Bxc6 Ra7 18. O-O-O Rg7 19. Qe2 Bxa2 20. Nb4 Bb3 21. Rd2 Rg6 22. Kb1 Be6 23. Bd5 Bxd5 24. Rxd5 Qa8 25. Rhd1 Bd8 26. g3 Rf7 27. h4 Rg4 28. R5d2 a5 29. Nd5 b4 30. c4 Qc6 31. b3 Rb7 32. Nf6+ Kf7 33. Nxg4 fxg4 34. Qxg4 a4 35. Rd3 e4 36. Rd5 a3 37. Ka2 Qb6 38. Rf5+ Ke7 39. Qxe4+ 1-0

[Event "CAN-op"]
[Site "Edmonton CAN"]
[Date "2000.07.09"]
[Round "2"]
[White "Gillanders, Robert"]
[Black "Pivovarov, Juraj"]
[Result "1-0"]
[WhiteElo "1871"]
[BlackElo "1677"]
[PlyCount "85"]
[GameId "2160767911677993"]
[EventDate "2000.07.08"]
[EventType "swiss"]
[EventRounds "10"]
[EventCountry "CAN"]

1. d4 Nf6 2. c4 g6 3. Nc3 d5 4. cxd5 Nxd5 5. e4 Nxc3 6. bxc3 Bg7 7. Be3 O-O 8. Bc4 c5 9. Ne2 Qa5 10. O-O Rd8 11. Qb3 e6 12. Bg5 Re8 13. Qb5 Qxb5 14. Bxb5 Bd7 15. Rab1 Bxb5 16. Rxb5 cxd4 17. cxd4 b6 18. Rc1 Na6 19. Be3 Rac8 20. Rbb1 Red8 21. f3 Nc7 22. Rc6 Ne8 23. Rbc1 Ra8 24. e5 b5 25. f4 Bf8 26. g4 Bh6 27. Kf2 b4 28. h4 a5 29. R1c4 Rdb8 30. Kf3 a4 31. Rc1 Bf8 32. f5 gxf5 33. gxf5 exf5 34. Rg1+ Kh8 35. d5 b3 36. e6 f6 37. Bf4 Rc8 38. Nd4 Rxc6 39. Nxc6 b2 40. e7 Bg7 41. d6 Nxd6 42. Bxd6 Kg8 43. Nd8 1-0

[Event "CAN-op"]
[Site "Edmonton CAN"]
[Date "2000.07.09"]
[Round "2"]
[White "Gomes, Alan"]
[Black "Campbell, Brett"]
[Result "1/2-1/2"]
[WhiteElo "1946"]
[BlackElo "2229"]
[PlyCount "123"]
[GameId "2160767911677994"]
[EventDate "2000.07.08"]
[EventType "swiss"]
[EventRounds "10"]
[EventCountry "CAN"]

1. e4 g6 2. d4 Bg7 3. b3 c5 4. Bb2 Qa5+ 5. Bc3 Qc7 6. d5 Bxc3+ 7. Nxc3 d6 8. Bd3 Nf6 9. h3 a6 10. a4 Qa5 11. Nge2 e6 12. O-O exd5 13. Nxd5 Nxd5 14. exd5 O-O 15. f4 f5 16. Qe1 Qxe1 17. Raxe1 Nd7 18. Nc3 Nf6 19. a5 Bd7 20. Re7 Rfe8 21. Rxe8+ Rxe8 22. Kf2 Kf7 23. Re1 Rxe1 24. Kxe1 Nh5 25. Ne2 h6 26. Kf2 g5 27. Ke3 Kf6 28. c4 Ng7 29. Ng3 h5 30. Be2 Be8 31. Nf1 g4 32. h4 Ke7 33. Kd3 Kd8 34. Kc3 Kc7 35. Bd3 b6 36. b4 Bd7 37. Ne3 cxb4+ 38. Kxb4 Kb7 39. g3 Kc7 40. Bc2 Kb7 41. Ba4 bxa5+ 42. Kxa5 Bxa4 43. Kxa4 Kb6 44. Kb4 a5+ 45. Kc3 Kc5 46. Nc2 Ne8 47. Nd4 Nf6 48. Nxf5 a4 49. Kd3 a3 50. Kc3 Ne4+ 51. Kb3 a2 52. Kxa2 Kxc4 53. Kb2 Kxd5 54. Kc2 Ke6 55. Nd4+ Kd5 56. Ne2 Kc4 57. f5 d5 58. Nf4 Nf6 59. Ne2 d4 60. Nf4 d3+ 61. Nxd3 Kd4 62. Nf4 1/2-1/2

[Event "CAN-op"]
[Site "Edmonton CAN"]
[Date "2000.07.09"]
[Round "2"]
[White "Hacatoglu, Kevork"]
[Black "Climenhaga, Harold"]
[Result "1-0"]
[WhiteElo "2209"]
[BlackElo "1938"]
[PlyCount "67"]
[GameId "2160767911677995"]
[EventDate "2000.07.08"]
[EventType "swiss"]
[EventRounds "10"]
[EventCountry "CAN"]

1. e4 c5 2. Nf3 d6 3. d4 cxd4 4. Nxd4 Nf6 5. Nc3 a6 6. f4 e6 7. Qf3 Be7 8. g4 O-O 9. g5 Nfd7 10. Be3 Nc6 11. Nb3 b5 12. Bd3 b4 13. Ne2 a5 14. h4 Qc7 15. h5 Bb7 16. Qh3 a4 17. Nd2 Nc5 18. Bxc5 dxc5 19. e5 Nxe5 20. fxe5 Bxh1 21. Qxh1 Qxe5 22. Qe4 Qxe4 23. Nxe4 Rac8 24. Bc4 Rfd8 25. c3 Rc7 26. Nf4 Ra7 27. g6 Bh4+ 28. Ke2 hxg6 29. hxg6 bxc3 30. bxc3 Bf6 31. gxf7+ Kxf7 32. Nxe6 Rc8 33. Nd6+ Ke7 34. Nxc8+ 1-0

[Event "CAN-op"]
[Site "Edmonton CAN"]
[Date "2000.07.09"]
[Round "2"]
[White "Hangartner, August"]
[Black "Deane, Lloyd"]
[Result "1-0"]
[WhiteElo "1896"]
[BlackElo "1582"]
[PlyCount "57"]
[GameId "2160767911677996"]
[EventDate "2000.07.08"]
[EventType "swiss"]
[EventRounds "10"]
[EventCountry "CAN"]

1. d4 Nf6 2. c4 e6 3. Nc3 Bb4 4. e3 Bxc3+ 5. bxc3 d5 6. Ba3 Nbd7 7. cxd5 exd5 8. Bd3 b6 9. Nf3 c5 10. O-O O-O 11. Rb1 Ne4 12. Qc2 f5 13. c4 Bb7 14. dxc5 Nexc5 15. Bxf5 dxc4 16. Qxc4+ Kh8 17. e4 Ba6 18. Qd5 Bxf1 19. Bxd7 Bxg2 20. Kxg2 Qf6 21. Bf5 Rfd8 22. Qe5 Qxe5 23. Nxe5 Re8 24. Bb2 Kg8 25. f3 Rad8 26. Nc6 Rd2+ 27. Kg3 Nd3 28. Bd4 Rf8 29. Be6+ 1-0